000 00540nam a2200181Ia 4500
999 _c27354
_d27354
003 OSt
005 20210205145607.0
008 190216s9999||||xx |||||||||||||| ||und||
020 _a8185226008
040 _coclc
082 _a894.8123
_bNAI/S
100 _aNair, Vaikom Chandrasekharan
_97212
245 0 _aSwathi Thirunal /
_cVaikom Chandrasekharan Nair
260 _bKairali Mudralayam,
_c1997.
_aKottayam:
300 _a278p
650 _aMalayalam Novel
942 _cBK
_2ddc
_h894.8123
_iNAI/S
_k894.8123
_mNAI/S